[Event "PER-ch"]
[Site "Lima"]
[Date "2023.08.29"]
[Round "1"]
[White "Sosa Cabrera, Paulo"]
[Black "Meono Alvan, Ronier Grover"]
[Result "0-1"]
[WhiteElo "1685"]
[BlackElo "2024"]
[PlyCount "70"]
[EventDate "2023.08.29"]
[EventType "swiss"]
[EventRounds "9"]
[EventCountry "PER"]
[SourceTitle "EXT 2024"]
[Source "ChessBase"]
[SourceDate "2023.10.10"]
[SourceVersion "1"]
[SourceVersionDate "2023.10.10"]
[SourceQuality "1"]

1. d4 d5 2. Nf3 Nf6 3. c4 e6 4. Bf4 Be7 5. e3 0-0 6. a3 b6 7. Nc3 Bb7 8. Qc2 c5 9. Rb1 Nbd7 10. Nb5 a6 11. Bc7 Qc8 12. Bd6 Bxd6 13. Nxd6 Qc7 14. Nxb7 Qxb7 15. Be2 Rac8 16. Qb3 dxc4 17. Qxc4 b5 18. Qd3 c4 19. Qc2 Rc7 20. 0-0 Rfc8 21. Rbc1 h6 22. Rfe1 a5 23. Nd2 Nd5 24. Ne4 Qb6 25. Nc3 b4 26. Nxd5 exd5 27. axb4 axb4 28. Bg4 Rd8 29. Bxd7 Rcxd7 30. Ra1 Ra7 31. Ra4 b3 32. Rxc4 bxc2 33. Rxc2 Rc7 34. Rd2 Qb4 35. Rdd1 Qxb2 0-1